| 000 | 00453cam a2200181ua 4500 | ||
|---|---|---|---|
| 001 | 2606 | ||
| 008 | 110912n ii |||gr||||Z||||||asm | ||
| 020 | _a81-7339-170-X | ||
| 040 | _cMAIN | ||
| 082 | _a491.451 | ||
| 100 |
_aKonwar, Arpana., _eAuthor. |
||
| 245 | 1 | 1 |
_aBhasa-sahityar bibidh chinta _cby Arpana Konwar |
| 250 | _a1st ed. | ||
| 260 |
_aDibrugarh: _bBanalata,997. |
||
| 300 | _a204p. | ||
| 653 | _aBhasa sahityar bibidh chinta | ||
| 942 | _cBK | ||
| 999 |
_c2459 _d2459 |
||